000 00587cam a2200205 a 4500
001 000018280
005 20200929165432.0
008 760322s1975 xxc 000 1 fre d
020 _a0777701669
040 _aDO-SdBNP
_bfre
_cLC
_dBNPHU
082 _a813.54
_bC316j
100 1 _aCarrier, Roch.
_939585
245 1 3 _aLe jardin des delices :
_broman /
_cRoch Carrier.
260 _aOttawa :
_bLa Presse,
_c1975.
300 _a215 p. ;
_c20 cm.
650 4 _aNovela canadiense
_97990
650 4 _aLiteratura canadiense
_911496
910 _aCatalogación por copia / LC
049 _aBNGR
999 _c17801
_d17801